000
00263nam a2200109Ia 4500
008
240625s9999 xx 000 0 und d
041
_a
eng
082
_a
658.5 KRA
100
_a
KRAJEWSKI LEE J
245
_a
OPERATIONS MANAGEMENT PROCESS AND VALUE
260
_c
2008
999
_c
34464
_d
34464